Absolventi škôl na trhu práce

Analýza príspevkov Európskeho štatistického úradu - Eurostat v oblasti nezamestnanosti mladých ľudí. Miera nezamestnanosti podľa vzdelania a veku v SR. Politika trhu práce a mladí ľudia. Absolventská prax a odporáčania OECD. Nástroje aktívnej politiky trhu práce.

Na minha lista:
Detalhes bibliográficos
Autor principal: Páleník, Michal
Outros Autores: Martišková, Monika
Formato: Capítulo de Livro
Idioma:eslovaco
Assuntos:
Tags: Adicionar Tag
Sem tags, seja o primeiro a adicionar uma tag!

MARC

LEADER 00000naa$a2200000$$$4500
001 0106110
005 20231114073145.4
041 0 |a slo 
044 |a SK 
245 1 0 |a Absolventi škôl na trhu práce  |c Michal Páleník, Monika Martišková 
520 |a Analýza príspevkov Európskeho štatistického úradu - Eurostat v oblasti nezamestnanosti mladých ľudí. Miera nezamestnanosti podľa vzdelania a veku v SR. Politika trhu práce a mladí ľudia. Absolventská prax a odporáčania OECD. Nástroje aktívnej politiky trhu práce. 
610 2 0 |a trh práce 
610 2 0 |a absolventi 
610 2 0 |a školy stredné odborné 
610 2 0 |a školy vysoké odborné 
610 2 0 |a vzdelanie 
610 2 0 |a nezamestnanosť 
610 2 0 |a Európa 
610 2 0 |a Slovensko 
100 1 |a Páleník, Michal 
700 1 |a Martišková, Monika